Cities in M States Quiz Stats

Quiz not verified by Sporcle

Challenge
Share
Tweet
Embed
Score 0/40 Timer 06:00
0 Plays Today
% Correct
Baltimore
97.8%
Boston
97.8%
Annapolis
96.7%
Augusta
95.3%
Detroit
95.3%
Minneapolis
95.3%
Saint Paul
95.3%
Jackson
94.8%
Bangor
94.5%
Ann Arbor
94.5%
Kansas City
94.2%
Portland
94%
Lansing
93.7%
St. Louis
93.7%
Helena
93.2%
Grand Rapids
92.9%
Jefferson City
92.6%
Billings
92.3%
Butte
90.7%
Worcester
90.4%
% Correct
Biloxi
90.4%
Duluth
88.2%
Gulfport
86.6%
Independence
86.6%
Lowell
85.2%
St. Cloud
83.6%
Hattiesburg
83.6%
Missoula
82.5%
College Park
80.8%
Great Falls
79.5%
Quincy
79.2%
New Bedford
78.1%
Lewiston
69.3%
Rockville
68.8%
Sterling Heights
65.5%
Gaithersburg
64.7%
Lee's Summit
57%
Biddeford
52.3%
Brooklyn Park
51.5%
Southaven
35.6%

You're not logged in!

Compare scores with friends on all Sporcle quizzes.
Join for Free
OR
Log In

You Might Also Like...

Show Comments

Extras

Top Quizzes Today


Score Distribution

Your Account Isn't Verified!

In order to create a playlist on Sporcle, you need to verify the email address you used during registration. Go to your Sporcle Settings to finish the process.

Report this User

Report this user for behavior that violates our Community Guidelines.

Details: